[Event "EU-Cup 09th final"]
[Site "Hilversum"]
[Date "1993.12.11"]
[Round "2"]
[White "Tolnai, Tibor"]
[Black "Sokolov, Ivan"]
[Result "1/2-1/2"]
[WhiteElo "2490"]
[BlackElo "2610"]
[Annotator "Wedberg,T"]
[PlyCount "72"]
[EventDate "1993.12.10"]
[EventType "team-k.o."]
[EventRounds "3"]
[EventCountry "NED"]
[SourceTitle "EXT 2020"]
[Source "ChessBase"]
[SourceDate "2019.10.17"]
[SourceVersion "1"]
[SourceVersionDate "2019.10.17"]
[SourceQuality "1"]
[WhiteTeam "Budapest Honved"]
[BlackTeam "Sarajevo Bosna"]
[WhiteTeamCountry "HUN"]
[BlackTeamCountry "BIH"]

1. e4 e5 2. Nf3 Nc6 3. Bb5 a6 4. Ba4 Nf6 5. O-O Be7 6. Re1 b5 7. Bb3 O-O 8. a4
b4 9. d3 d6 10. a5 Be6 11. Nbd2 (11. Bxe6 fxe6 12. Nbd2 Nd7 13. c3 Bf6 14. Qa4
bxc3 15. Qxc6 cxd2 16. Bxd2 Nc5 17. Ra3 {+/- ECO}) 11... Qc8 (11... Bxb3 12.
Nxb3 Re8 13. d4 exd4 14. Nfxd4 Nxd4 15. Nxd4 Bf8 16. Nc6 Qd7 17. Nxb4 Qb5 18.
c3 Nxe4 {Szabo-Unzicker/Bern/1987}) (11... Rb8 12. Bc4 Qc8 13. Nf1 Re8 14. Ne3
Nd4 15. Nxd4 exd4 16. Nd5 Nxd5 17. exd5 Bd7 18. Bd2 {+/=/Kasparov,G-Short,N/
London(m1)/1993/1-0/39}) 12. Bc4 Rd8 13. Nf1 h6 (13... Bxc4 $6 14. dxc4 $14 {
><d5,f5}) 14. Ne3 Bf8 {/\d5} 15. Bd2 Rb8 (15... d5 $2 16. exd5 Nxd5 17. Nxd5
Bxd5 18. Nxe5 Nxe5 19. Rxe5 Bxc4 20. dxc4 Qd7 21. Rd5 $16) 16. h3 Bxc4 17. Nxc4
Rb5 $10 18. c3 Qe6 19. cxb4 Nxb4 20. Bxb4 Rxb4 21. Ra4 Rbb8 22. Qc2 Nh5 23. Ne3
Nf4 24. Rc4 c5 25. Nd2 Rb5 26. Rc3 (26. Ra1 Rdb8 27. Ra2 Be7 $36 {/\Bd8}) 26...
Rxa5 27. Ndc4 Rb5 28. Ra3 $10 {><a6} Qg6 29. Kh2 d5 (29... Ra8 30. Rea1 $10)
30. exd5 Nxd5 31. Nxe5 Nxe3 32. Rxe3 Bd6 33. Kg1 Bxe5 34. Rxe5 c4 35. Re3 Rg5
36. g3 Rc5 1/2-1/2

[Event "Amsterdam Euwe Memorial"]
[Site "Amsterdam"]
[Date "1996.03.30"]
[Round "7"]
[White "Anand, Viswanathan"]
[Black "Timman, Jan H"]
[Result "1-0"]
[WhiteElo "2725"]
[BlackElo "2620"]
[Annotator "Wedberg,T"]
[PlyCount "93"]
[EventDate "1996.03.22"]
[EventType "tourn"]
[EventRounds "9"]
[EventCountry "NED"]
[EventCategory "18"]
[SourceTitle "CBM 052"]
[Source "ChessBase"]
[SourceDate "1996.06.01"]
[SourceVersion "1"]
[SourceVersionDate "1996.06.01"]
[SourceQuality "1"]

{Baburin: In this game both players castled King side, however the monarchs
found themselves on the opposite flanks anyway!} 1. e4 {Baburin Timman} e5 2.
Nf3 Nc6 3. Bb5 a6 4. Ba4 Nf6 5. O-O Be7 6. Re1 b5 7. Bb3 O-O 8. a4 Bb7 9. d3 d6
10. Nbd2 Nd7 11. c3 Nc5 12. Bc2 {N} (12. axb5 axb5 13. Rxa8 Bxa8 14. Bc2 Ne6 (
14... Bf6 15. b4 Ne6 16. Nf1 Bb7 17. Ne3 g6 18. Bb3 Bg7 19. h4 Bc8 20. h5 Kh8
21. Nd5 g5 22. Ne3 Nf4 23. g3 Nxh5 24. Nf5 $16 {Kasparov,G-Short,N/London (m7)/
1993}) 15. b4 Ng5 16. Bb3 Bf6 17. Nf1 Nxf3+ 18. Qxf3 g6 19. Ne3 Bg5 20. g3 h5
21. h4 Bh6 22. Nd5 Bxc1 23. Rxc1 $14 {Zagrebelny,S-Blatny,P/Moscow olm/1994 
(23)}) 12... Nxa4 13. Bxa4 bxa4 14. Qxa4 Kh8 15. Nc4 f5 16. Ne3 $6 (16. exf5
Rxf5 17. Ne3 Rf8 18. Nd5 $13) 16... f4 $40 {[%csl Rg1][%cal Yg7g4,Yh7h4]} 17.
Nd5 g5 18. h3 Qd7 $6 {Baburin: Black prepares a dangerous attack upon the King
after h7-h5 and g5-g4, but Anand comes up with an excellent defensive idea.} (
18... h5 $5 19. Kf1 (19. Nh2 $142 {/\Qd1}) 19... g4 20. hxg4 hxg4 21. Nd2 f3
$40 {[%csl Rf1]}) (18... Rg8 $142 $1 {Timman}) 19. Kf1 $1 {Baburin: The main
object of Black's attack is about to disappear!} h5 (19... g4 $5 20. hxg4 Qxg4
21. Ke2 Qxg2 22. Rg1 Qh3 23. Bd2 $13) 20. Ke2 $1 g4 21. hxg4 hxg4 22. Nd2 Kg7 (
22... f3+ 23. gxf3 gxf3+ 24. Kd1 $132) 23. Nc4 a5 24. Kd1 Bh4 25. Rf1 Rf7 26.
Bd2 Qe6 27. Kc2 {[%csl Gc2]} Nd8 28. g3 $1 $40 {[%csl Rg7]} Bg5 (28... fxg3 29.
fxg3 Bxg3 30. Nce3 $40 {[%csl Rg7][%cal Ye3f5,Ye3g4,Yf1h1,Ya1g1,Yf1f8,Yg1g8,
Yh1h8]}) 29. gxf4 exf4 30. Rg1 Bc6 31. Qa2 Nb7 32. b4 $1 Bb5 (32... a4 $142)
33. Nxa5 Rxa5 $2 (33... Nxa5 34. bxa5 $16) 34. bxa5 Bxd3+ 35. Kxd3 Nc5+ 36. Kc2
Qxe4+ 37. Kb2 Nd3+ 38. Ka3 Ne5 39. Nb4 c5 40. Rae1 cxb4+ 41. cxb4 Qd3+ 42. Ka4
Ra7 43. Qb2 Bf6 44. Bxf4 Nc4 (44... Nf3 45. Rxg4+ Kf7 46. Qa2+ d5 47. Rc1 {+-})
45. Rxg4+ Kf7 46. Qb3 Qd5 47. Bd2 $1 $8 1-0

[Event "Tiraspol"]
[Site "Tiraspol"]
[Date "1994.??.??"]
[Round "8"]
[White "Saltaev, Mihail"]
[Black "Geller, Efim P"]
[Result "1-0"]
[WhiteElo "2480"]
[BlackElo "2490"]
[Annotator "Wedberg,T"]
[PlyCount "55"]
[EventDate "1994.??.??"]
[EventType "tourn"]
[EventRounds "9"]
[EventCountry "MDA"]
[EventCategory "10"]
[SourceTitle "CBM 040"]
[Source "ChessBase"]
[SourceDate "1994.06.01"]
[SourceVersion "1"]
[SourceVersionDate "1994.06.01"]
[SourceQuality "1"]

1. e4 e5 2. Nf3 Nc6 3. Bb5 a6 4. Ba4 Nf6 5. O-O Be7 6. Re1 b5 7. Bb3 O-O 8. a4
b4 9. d3 d6 10. a5 Na7 (10... Bg4 11. Be3 Be6 12. Nbd2 Ng4 13. Nc4 Nxe3 14.
Nxe3 Rb8 15. Nd5 Bg4 $13 {Malniuk-Smagin/Minsk/1985}) (10... Be6 11. Nbd2 Qc8
12. Bc4 Rd8 13. Nf1 h6 14. Ne3 Bf8 $10 {Tolnai,T-Sokolov,I/EuCup/1993/1/4-1/4/
36}) (10... Rb8 11. Nbd2 Kh8 12. c3 Nh5 13. d4 Bf6 $13 {Nunn}) 11. c3 bxc3 12.
bxc3 Rb8 13. Nbd2 Nd7 14. Nc4 Nb5 15. Bb2 (15. Bd2 $5) 15... Nc5 16. Bc2 f5 17.
exf5 Bxf5 18. Ne3 Bg6 19. d4 Ne4 20. Nd5 $36 Nxf2 $5 21. Nxe7+ Qxe7 22. Kxf2
Nxd4 23. cxd4 Rxb2 24. Rc1 Rxc2+ (24... e4 25. Kg1 $16) 25. Rxc2 Qh4+ 26. Kg1
Rxf3 27. Rd2 Rb3 $4 (27... Rf8 28. dxe5 dxe5 29. Rxe5 $14) 28. Qxb3+ 1-0

[Event "Politiken Cup 18th"]
[Site "Copenhagen"]
[Date "1996.??.??"]
[Round "5"]
[White "Liss, Eran"]
[Black "Hector, Jonny"]
[Result "1-0"]
[WhiteElo "2480"]
[BlackElo "2520"]
[Annotator "Wedberg,T"]
[PlyCount "83"]
[EventDate "1996.06.??"]
[EventType "swiss"]
[EventRounds "11"]
[EventCountry "DEN"]
[SourceTitle "CBM 054"]
[Source "ChessBase"]
[SourceDate "1996.10.01"]
[SourceVersion "1"]
[SourceVersionDate "1996.10.01"]
[SourceQuality "1"]

1. e4 {Chekhov} e5 2. Nf3 Nc6 3. Bb5 a6 4. Ba4 Nf6 5. O-O Be7 6. Re1 b5 7. Bb3
Bb7 8. c3 (8. d4 Nxd4 9. Nxd4 exd4 10. e5 Nd5 (10... Ne4 11. Qg4 Bg5 $5 $146 (
11... c5 12. Qxg7 Rf8 13. Qxh7 c4 14. Rxe4 cxb3 15. cxb3 Bxe4 16. Qxe4 $13 {ECO
}) 12. f4 Bh6 13. Qf5 (13. f5 Bxc1 14. Qxg7 Rf8 15. Rxc1 c5 $13) 13... d5 14.
Rxe4 (14. exd6 O-O 15. Rxe4 Bxe4 16. Qxe4 Qxd6 $44) 14... g6 15. Qh3 dxe4 16.
Qxh6 e3 $132 {0-1 Brinck Claussen,B-Hector,J/Copenhagen op (09) ;EXP 47 1995 
(31)}) 11. Qf3 (11. c3 O-O 12. Qf3 c6 13. cxd4 d6 14. Nc3 dxe5 15. Nxd5 cxd5
16. dxe5 Qd7 $10 {0-1 Garcia,G-Hector,J/Manila(ol) 1992 (36)}) 11... c6 12. c3
(12. Bxd5 cxd5 13. Qg4 Qb6 14. Nd2 Qg6 15. Qxg6 hxg6 16. Nf3 Bc5 17. Bf4 Rc8
18. Red1 O-O $13 {1-0 Watson,W-Hector,J/London WFW 1991 (46)}) 12... dxc3 13.
Nxc3 O-O 14. Nxd5 cxd5 15. Bxd5 Bxd5 16. Qxd5 d6 17. e6 Bf6 18. Bd2 Rc8 19. Bb4
fxe6 20. Rxe6 Kh8 21. Rxd6 Bxb2 22. Rf1 Qh4 $10 {Romanishin,O-Hector,J/
Taastrup 1992/1/2-1/2 (53)}) 8... d5 9. exd5 Nxd5 10. d4 (10. Nxe5 Nxe5 11.
Rxe5 Nf4 12. d4 Nxg2 13. Qe2 (13. Bg5 f6 14. Bxf6 gxf6 15. Qh5+ Kd7 16. Qf5+
Ke8 17. Qh5+ $10 {Boudre,J-Jaksland,T/DEN/1989/0,5/17/}) 13... h6 14. Qh5 g6
15. Qh3 (15. Qg4 Qd6 16. Nd2 f5 17. Qg3 g5 18. Nf3 Nf4 $132 {Mortensen,
E-Hector,J/Festuge/1991/0,5/60/}) 15... Qd6 $5 (15... Qc8 16. Qg3 $14) 16. Bg5
$2 (16. Nd2 $142) (16. Nd2 {Chekhov} Nh4 17. Ne4 Qxe5 18. dxe5 Bxe4 19. Bd1 Rd8
20. Be3 g5 21. f3 Bd5 22. Be2 $14 {Polovodin,I-Genin,A/URS/1981/1|0/45/}) 16...
Qxe5 $1 17. dxe5 Bxg5 18. e6 (18. a4 Nf4 19. Qe3 O-O-O 20. axb5 Rd3 21. Qa7 a5
22. Na3 Bh4 $36 {Sulskis,S-Berzinsh,R/Riga/1995/1|0/46/}) 18... f5 19. Qd3 Rd8
20. Qe2 Nh4 $17 {Ernst,T-Hector,J/SwedenTV-cup/1993}) 10... exd4 11. cxd4 O-O
12. Nc3 Ncb4 13. a4 bxa4 14. Rxa4 Qd6 (14... a5 15. Ne5 Bf6 16. Ra1 Re8 17. Na4
Qd6 18. Nc5 Bxe5 19. Rxe5 Bc6 $13 {Wedberg,T-Hector,J/SwedenTV-cup/1993}) 15.
Ne5 Rad8 (15... Bf6 {Chekhov} 16. Ne4 Qd8 17. Nc5 $16) 16. Qh5 Qb6 (16... f6 {
Chekhov} 17. Nc4 Qd7 18. Ne3 $16) 17. Be3 c5 $2 (17... Bf6 $142 $132) (17... c6
$5) 18. dxc5 Bxc5 19. Bxc5 Qxc5 20. Ne4 Qb6 21. Ng5 $40 h6 (21... Qh6 22. Qxh6
gxh6 23. Ngxf7 Rxf7 24. Nxf7 Kxf7 25. Rxb4 $18) 22. Ngxf7 Rd6 $5 23. Nc4 (23.
Rf1 $16) (23. Nxd6 $4 {Chekhov} Qxf2+ $19) 23... Re6 24. Rf1 $6 (24. Rxe6 Qxe6
25. Nce5 $18) 24... Qd4 25. Ncd6 Nf4 $2 (25... Rf6 26. Rxb4 (26. Qd1 Qxd1 27.
Rxd1 Bc6 28. Ra5 R8xf7 29. Nxf7 Kxf7 30. Raxd5 Nxd5 31. Bxd5+ Bxd5 32. Rxd5 Rb6
$14) 26... Qxb4 27. Bxd5 Bxd5 28. Qxd5 R8xf7 29. Nxf7 Rxf7 $14) (25... Bc6 {
Chekhov} 26. Rxb4 Qxb4 27. Bxd5 Bxd5 28. Qxd5 $18) 26. Nxh6+ (26. Qf5 $18)
26... Kh7 (26... gxh6 27. Bxe6+ Nxe6 28. Qg6+ Ng7 29. Nxb7 $18) 27. Nhf5+ $1
Nxh5 28. Nxd4 Rxd6 29. Rxb4 Ba8 30. Ne6 Rf6 31. Rh4 g6 (31... Rh6 {Chekhov} 32.
Ng5+ Kg6 33. Nf7 $18) 32. g4 $18 Rb6 33. Bc4 Rbxe6 34. Bxe6 Rxe6 35. gxh5 g5
36. Rg4 Kh6 37. f4 Kxh5 (37... gxf4 {Chekhov} 38. Rg6+ Rxg6+ 39. hxg6 f3 40.
Kf2 Kxg6 41. Rd1 $18) 38. Rxg5+ Kh4 39. Rg8 Bb7 40. f5 Rf6 41. Rg6 Rf8 42. f6
1-0

[Event "Tan Chin Nam Cup 1st"]
[Site "Beijing"]
[Date "1995.??.??"]
[Round "2"]
[White "Wang, Zili"]
[Black "Xie, Jun"]
[Result "1-0"]
[WhiteElo "2525"]
[BlackElo "2540"]
[Annotator "Wedberg,T"]
[PlyCount "137"]
[EventDate "1995.08.??"]
[EventType "tourn"]
[EventRounds "9"]
[EventCountry "CHN"]
[EventCategory "11"]
[SourceTitle "CBM 049"]
[Source "ChessBase"]
[SourceDate "1995.12.01"]
[SourceVersion "1"]
[SourceVersionDate "1995.12.01"]
[SourceQuality "1"]

1. e4 e5 2. Nf3 Nc6 3. Bb5 a6 4. Ba4 Nf6 5. O-O Be7 6. Re1 b5 7. Bb3 O-O 8. h3
Bb7 9. d3 h6 (9... d6 10. a3 (10. a4 Na5 11. Ba2 c5 12. Nbd2 Bc8 13. Nf1 Be6
14. Ne3 g6 15. Nh2 b4 $10 {Anand,V-Wahls,M/Munich/1991}) 10... h6 (10... Na5
11. Ba2 c5 12. Nc3 (12. b4 Nc6 13. bxc5 dxc5 14. Bg5 Nd4 15. Nxe5 Qc7 16. f4 c4
$132 {Savko,A-Packa,L/Sala op/1993}) 12... h6 13. b4 Nc6 14. Nd5 $1 Nxd5 (14...
Nd4 $5 $132) 15. Bxd5 Qc7 16. c3 Nd8 17. Qb3 $14 {Murey,J-Adams,M/EUCup/1993})
11. c4 Na5 12. cxb5 axb5 13. Ba2 c5 14. Nc3 b4 15. axb4 cxb4 16. Ne2 d5 $132 {
Shabalov,A-Sammalvuo,T/Moscow olm/1994}) (9... Re8 10. c3 Bf8 11. Nbd2 d5 12.
exd5 Nxd5 13. d4 Qd6 14. Ne4 Qd7 15. a4 bxa4 16. Bxa4 exd4 17. Nxd4 Nb6 $10 {
Perenyi,B-Djuric,S/Saint John op-2/1988}) 10. Nc3 (10. Nbd2 Re8 11. c3 Bf8 12.
a4 (12. Nh2 Na5 13. Bc2 c5 14. Ndf1 d5 15. Ng4 Re6 16. Nxf6+ Qxf6 17. Ne3 d4
$13 {Sokolov,A-Mitkov,N/Cannes/1995}) 12... Na5 13. Ba2 c5 14. Nb3 Nc6 15. Be3
d6 16. Nbd2 d5 17. exd5 Nxd5 18. Ne4 $14 {Akopian-Adams/Oakham/1993}) 10... Re8
11. a3 Bf8 12. Nd5 Nd4 13. Nxd4 exd4 14. Bf4 d6 15. Bg3 Nxd5 16. exd5 g6 17.
Qd2 Qd7 18. a4 Rxe1+ 19. Qxe1 Re8 20. Qa5 $14 c5 21. axb5 axb5 22. Qb6 Ra8 23.
Rxa8 Bxa8 24. Qb8 Bb7 25. Ba2 Kg7 26. b4 $1 Be7 (26... cxb4 27. Qa7 $16) 27.
bxc5 dxc5 28. Be5+ f6 29. d6 Bd8 (29... fxe5 $2 30. Qg8+ Kf6 31. Qf7+ Kg5 32.
Qxe7+ $18) 30. Be6 $1 Qxe6 31. Qxb7+ Kf8 32. Qb8 Ke8 33. Bg3 Qd7 34. Qa8 Kf8
35. Qd5 Bb6 36. Qe4 Kg7 37. h4 h5 38. Qd5 Ba7 39. Bf4 Bb6 40. g3 Ba7 41. Qa8
Bb6 42. Qe4 Bd8 43. Qd5 Bb6 44. Bd2 b4 45. Bf4 Ba7 46. Qe4 Kf7 47. Qa8 Kg7 48.
Qe4 Kf7 49. Qd5+ Kg7 50. Kf1 $1 Bb6 51. Ke2 Ba7 52. Kd2 Bb6 53. Kc1 Ba7 54. Kb2
Bb6 55. Kb3 Qa7 56. Kb2 Qd7 57. Qe4 Bd8 58. Qa8 Kh7 59. Qd5 Bb6 60. f3 Kg7 61.
g4 $1 hxg4 62. fxg4 Kh7 63. g5 f5 64. Be5 b3 65. cxb3 f4 66. Bxf4 Ba5 67. Qe4
Bc3+ 68. Kc2 Qf7 69. h5 1-0

[Event "Sigeman & Co 10th"]
[Site "Malmo"]
[Date "2002.06.06"]
[Round "1"]
[White "Stefansson, Hannes"]
[Black "Hector, Jonny"]
[Result "0-1"]
[WhiteElo "2598"]
[BlackElo "2513"]
[Annotator "Wells,P"]
[PlyCount "44"]
[EventDate "2002.06.06"]
[EventType "tourn"]
[EventRounds "9"]
[EventCountry "SWE"]
[EventCategory "13"]
[SourceTitle "CBM 090"]
[Source "ChessBase"]
[SourceDate "2002.09.20"]
[SourceVersion "1"]
[SourceVersionDate "2002.09.20"]
[SourceQuality "1"]

1. e4 e5 2. Nf3 Nc6 3. Bb5 a6 4. Ba4 Nf6 5. O-O Be7 6. Re1 b5 7. Bb3 Bb7 $5 {
A strange hybrid and the Closed and Archangel Variations with a good deal of
Marshall Gambit in the spirit of the line too.} 8. d4 {The sharpest choice
against yet another side-line which can boast Jonny Hector as its chief
contemporary adherent. The move has a perfectly reasonable reputation, and in
the quest to explain white's rapid defeat in this game, there is no doubt -
the mistake comes later. Still, it is interesting that a strong Grandmaster,
and indeed a player whose disparity of result when commanding the white as
opposed to the black forces is great enough to describe him as a real 'white
specialist', should go down to such a rapid defeat here. I would say, that
adopting this sharp line against Jonny demands considerable preparation. White
has two other main options. I don't want to explore them in depth here, but I
would say that} (8. c3 $5 d5 {( this Marshall Gambit variant is the consistent
way to give distinctive character to black's unusual opening )} 9. exd5 Nxd5
10. Nxe5 {Critical.} (10. d4 {tends to lead to IQP positions of the 'open
e-file type' ( cf Russian Game etc ). Black has a moderately serious weakness
on c5, but perfectly respectable piece-play which would be a major attraction
for a dynamic player like Hector.} exd4 11. cxd4 O-O 12. Nc3 Ncb4 13. a4 bxa4
14. Rxa4 a5 {[%csl Gb4]} 15. Ne5 Bf6 16. Ra1 Re8 17. Na4 {[%csl Rc5][%cal
Ya4c5]} Qd6 18. Nc5 Bxe5 19. Rxe5 Bc6 20. Ne4 Qg6 21. f3 h6 {Wedberg,T (2455)
-Hector,J (2470) Sweden TV Cup 1993 0-1 was fine for black in}) 10... Nxe5 11.
Rxe5 Nf4 {[%cal Gb7g2]} 12. d4 $1 (12. Bxf7+ Kxf7 13. Rf5+ Bf6 14. Rxf4 Qd3 {
looks fine for black, and scores accordingly.}) 12... Nxg2 13. Qe2 h6 (13...
Nh4 $2 14. Rxe7+) 14. Rxb5 $1 {[%csl Rb7,Rg2] looks like the most dangerous
idea for trying to refute black's set-up. Suddenly the active minor pieces
that constitute black's compensation come under fire.} axb5 (14... Qc8 15. Rxb7
({It might be a bit risky, but not actually bad to allow black the extra
counterplay associated with} 15. Re5 $5 O-O 16. Rxe7 Nh4 17. d5 Qh3 18. f4 Nf3+
19. Kf2 {where arguably the rewards on offer are even higher.}) 15... Qxb7 16.
Qh5 Nh4 (16... g6 17. Qe5 $1 $16 (17. Qd5 Qxd5 18. Bxd5 Ne1 $13 {[%cal Ge1c2]})
) 17. Bxf7+ Kd8 18. Bd5 c6 19. Be4 {Popovic,P (2518)-Strikovic,A (2508)
JUG-chT Herceg Novi 2001 (1) 1-0 and white stands well. This seems to be quite
a serious challenge to black's idea.}) 15. Qxb5+ Kf8 16. Qxb7 Nh4 17. Bf4 Rc8
18. Nd2 Bg5 19. Bd6+ $1 {[%csl Rf7]} Kg8 20. Nf1 Kh7 21. Be5 {Martin,B (2375)
-Bezzy,M Yerevan ol (Men) 1996 (14) 1-0 and white has no material deficit, a
healthy control of the light squares and a potentially very potent a-pawn.}) ({
Also, if I were considering playing this line with black, I think I would be a
little concerned about the quiet treatment} 8. d3 $5 {The argument is simply
this. In lines of the Spanish where white settles for this modest d-pawn
advance there is often an argument that black should not commit this bishop (
useful defender of the f5 square that it is ) to b7 too early. However, this
is by no means to say that an early ...Bb7 is inferior. The rough and tumble
of 'practice' has too much going on for such a simple argument to carry the
day. It is largely a matter of taste.}) 8... Nxd4 (8... exd4 9. e5 $16) 9. Nxd4
({Or} 9. Bxf7+ Kf8 $1 (9... Kxf7 10. Nxe5+ Ke6 (10... Kg8 11. Qxd4 {also
affords black insufficient compensation.}) 11. Qxd4 c5 12. Qc3 $16) 10. Bd5 (
10. Bh5 Nc6 11. Ng5 Nxh5 12. Qxh5 Qe8 13. Qd1 h6 14. Nf3 d6 15. c4 Qf7 16. Nc3
bxc4 17. Nd5 Nd8 18. Nxc7 Rc8 19. Nd5 Bxd5 20. Qxd5 Qxd5 21. exd5 Nb7 {Yemelin,
V (2540)-Mikheev,S (2335) RUS-Team Smolensk 2000 (11) 1/2 is a playable, but
not threatening alternative.}) 10... c6 $1 11. Bb3 (11. Nxe5 cxd5 12. Qxd4 dxe4
{[%csl Re5][%cal Gd7d6]} 13. Qd1 {Hansen,C (2600)-Hector,J (2470) Nordic-ch
VISA 1997 (13) 1-0 leads to a strange position in which white might try to
show that black suffers some awkwardness based on his king's position in
conjunction with the fact that the obvious strengthening of the defence of the
e4 pawn involves damaging the scope of the b7 bishop.} {Tisdall's suggestion}
Qc7 {doesn't seem to be a panacea after} 14. Bf4 $1 d6 15. Ng4 {However, it is
in general difficult to believe that black's bishop pair and development
shouldn't add up to a decent position.}) 11... Nxb3 12. axb3 d6 (12... Qc7 $5 {
might be more flexible.}) 13. c4 Qc7 14. Qc2 Rd8 15. Nc3 b4 16. Ne2 h6 17. Ng3
g6 18. Nh4 Kg7 19. c5 Bc8 20. cxd6 Rxd6 21. Nf3 Rdd8 22. Be3 {[%csl Ra6,Rc5,
Re5];Rogovoi,M (2240)-Golovchenko,G (2106) St Petersburg White Nights 2001 (3)
0-1 black's position looks rather loose.}) 9... exd4 10. e5 Ne4 $1 {My
impression is that this is the move black really wants to work, and indeed
that it probably does!} ({since the alternative} 10... Nd5 {allows white to
force ...c6 with} 11. Qf3 c6 {after which various things look a bit depressing
for black eg.} 12. Qg4 (12. Bxd5 $5 cxd5 13. Qg4 Qb6 14. Nd2 Qg6 15. Qxg6 hxg6
16. Nf3 Bc5 17. Bf4 Rc8 18. Red1 O-O 19. Rac1 $14 {Watson,W (2505)-Hector,J 
(2465) London WFW 1991 1-0}) (12. c3 dxc3 13. Nxc3 O-O 14. Nxd5 cxd5 15. Bxd5
Bxd5 16. Qxd5 $14) 12... Qb6 13. Qxg7 O-O-O 14. Qh6 Rhg8 15. Bxd5 Rg6 16. Qxh7
cxd5 17. Nd2 $14 {although at least in this case black has some potential for
king-side counterplay.}) 11. Qf3 $6 (11. Qg4 {is a major alternative, but the
unusual defence of g7 with} Bg5 $1 {seems to be just OK for black eg.} 12. f4 (
{or} 12. Bf4 Bxf4 13. Qxf4 Ng5 14. Qxd4 Ne6 15. Qd2 Qh4 16. Nc3 O-O 17. Bd5
Bxd5 18. Qxd5 Qb4 {1/2-1/2 Hellers,F-Hector,J/Malmo 1997/CBM 60 (36) with no
special difficulties for black.}) 12... Bh6 13. Qf5 (13. f5 Bxc1 14. Qxg7 Rf8
15. Rxc1 c5 $132) (13. c3 $5) 13... d5 14. Rxe4 (14. exd6 O-O $36) 14... g6 15.
Qh3 dxe4 16. Qxh6 e3 17. Qg7 Rf8 18. Qxh7 c5 19. c4 Qd7 {black has great
counterplay. If you want a game to understand the appeal of the variation for
black, try this one.} 20. Qh4 f6 21. exf6 Qc6 22. Qg3 O-O-O 23. f7 b4 $17 {
[%csl Ra1,Rb1,Rc1][%cal Gb7g2];Brinck Claussen,B (2355)-Hector,J (2540)
Copenhagen op 17th 1995 (9) 0-1}) 11... O-O 12. Rxe4 c5 $1 $15 {Black's mobile
pawn mass is the key to his attempts to recover the missing material. The more
I look at this, the more I conclude white should simply deviate earlier!} 13.
c4 f5 $1 14. exf6 Bxf6 15. Nd2 (15. cxb5+ Kh8 {doesn't help white.}) 15... Kh8
$1 $146 (15... Bh4 {has a bit of a 'cashing in prematurely' feel about it} 16.
Qg4 Bxf2+ 17. Kh1 Bxe4 18. Nxe4 d5 19. Bh6 Ra7 20. cxb5 c4 21. Nxf2 Rxf2 22.
Qxd4 Raf7 23. Bxc4 $1 gxh6 24. Qxd5 {[%csl Gf1][%cal Yc4g8] The pin indirectly
secures f1.} Qxd5 25. Bxd5 axb5 26. Kg1 Rd2 27. Bxf7+ Kxf7 28. Rb1 $16 {
1-0 Sibarevic,M-Barlocco,C/Mendrisio 1989/EXT 97 (39)}) 16. Bc2 (16. cxb5 axb5
17. Bc2 (17. Qh5 c4 18. Re1 cxb3 19. Nxb3 Qb6 $132) 17... c4 $1 $36 {is not
the solution. Note that all the time black gives priority to his irritating
centre pawns rather than prematurely recouping some material.}) 16... bxc4 17.
Nxc4 d5 18. Re2 $6 {[%csl Re2] looks like a serious mistake. The rook is
simply vulnerable here to a barely disguised tactic. In fact though, it is
hard to find a good square} (18. Rf4 dxc4 19. Qxb7 d3 20. Bd1 d2 21. Qf3 Re8
$17 {[%csl Rf4] the rook is 'dangling' on f4.}) (18. Re6 dxc4 (18... Bh4 19.
Qd3) 19. Qxb7 d3 20. Qe4 dxc2 21. Qxc2 Qd3 22. Re2 Rab8 {[%csl Gf6][%cal Gf6b2]
and black forces paint a very pleasing picture of purposeful activity.}) 18...
dxc4 19. Qxb7 d3 $17 20. Qe4 Re8 $1 21. Qxc4 dxe2 22. Be3 Rxe3 $1 (22... Rxe3
23. fxe3 Qd2 {[%cal Ge2e1] A nice win for Hector. If white wants to punish
black's opening I think he should look to 8 c3!?}) 0-1